<?xml version="1.0" encoding="UTF-8"?><?xml-stylesheet type="text/xsl" href="static/style.xsl"?><OAI-PMH xmlns="http://www.openarchives.org/OAI/2.0/" xmlns:xsi="http://www.w3.org/2001/XMLSchema-instance" xsi:schemaLocation="http://www.openarchives.org/OAI/2.0/ http://www.openarchives.org/OAI/2.0/OAI-PMH.xsd"><responseDate>2026-04-19T06:27:43Z</responseDate><request verb="GetRecord" identifier="oai:riubu.ubu.es:10259/10065" metadataPrefix="marc">https://riubu.ubu.es/oai/request</request><GetRecord><record><header><identifier>oai:riubu.ubu.es:10259/10065</identifier><datestamp>2025-01-30T01:05:44Z</datestamp><setSpec>com_10259_7877</setSpec><setSpec>com_10259_5086</setSpec><setSpec>com_10259_2604</setSpec><setSpec>col_10259_8289</setSpec></header><metadata><record xmlns="http://www.loc.gov/MARC21/slim" xmlns:doc="http://www.lyncode.com/xoai" xmlns:xsi="http://www.w3.org/2001/XMLSchema-instance" xmlns:dcterms="http://purl.org/dc/terms/" xsi:schemaLocation="http://www.loc.gov/MARC21/slim http://www.loc.gov/standards/marcxml/schema/MARC21slim.xsd">
<leader>00925njm 22002777a 4500</leader>
<datafield tag="042" ind1=" " ind2=" ">
<subfield code="a">dc</subfield>
</datafield>
<datafield tag="720" ind1=" " ind2=" ">
<subfield code="a">López Perea, Eva María</subfield>
<subfield code="e">author</subfield>
</datafield>
<datafield tag="720" ind1=" " ind2=" ">
<subfield code="a">Díez Ojeda, María</subfield>
<subfield code="e">author</subfield>
</datafield>
<datafield tag="720" ind1=" " ind2=" ">
<subfield code="a">Alonso Alcalde, Nuria</subfield>
<subfield code="e">author</subfield>
</datafield>
<datafield tag="720" ind1=" " ind2=" ">
<subfield code="a">Baños Martínez, Vanesa</subfield>
<subfield code="e">author</subfield>
</datafield>
<datafield tag="260" ind1=" " ind2=" ">
<subfield code="c">2024</subfield>
</datafield>
<datafield tag="520" ind1=" " ind2=" ">
<subfield code="a">Quality management in toy libraries is a little explored scenario, compared to other types of socio-community services that have been the subject of analysis recently, thus translating into improvements in their organization and in the services they offer. Therefore, the starting point of this work is based on the absence of previous research that evaluates the role played by toy libraries in children's learning.Methodology:Through the application of the  Delphi  technique,  the  aim  is  to  design  and  validate  a  guide  of  indicators  focused  on assessing and promoting family participation in toy libraries as a quality reference, to promote a process of continuous improvement. Results:This guide is structured in 6 areas, articulated in  22  standards  and  55  quality  indicators.Discussions:The  main  limitation  has  been  the absence  of  established  quality  processes,  as  well  as  instruments  that  could  facilitate  the configuration of initiatives and programs that would value the involvement of families in toy libraries.Conclusions:This  work  contemplates  the  need  to  facilitate  thatinvolvement  and thus optimize the actions aimed at their correct integration into the environment, contributing decisively to child development and education for citizenship</subfield>
</datafield>
<datafield tag="520" ind1=" " ind2=" ">
<subfield code="a">La gestión de la calidad en las ludotecas es un escenario poco explorado, frente a  otro  tipo  de servicios  socio-comunitarios  que  han  sido  objeto  de  análisis recientemente, traduciéndose así en mejoras en su organización y en los servicios ofrecidos. Por tanto, el punto de  partida  de  este  trabajo  se  basa  en  la  ausencia  de  investigaciones  previas  que  evalúen  el papel que desempeñan las ludotecas en el aprendizaje infantil. Metodología: A través de la aplicación de la técnica Delphi se ha diseñado y validado una guía de indicadores enfocados a valorar y promover la participación familiar en las ludotecas como referente de calidad, para favorecer  un  proceso  de  mejora  continua. Resultados: Esta  guía  se  estructura  en  6  áreas, articuladas en 22 estándares y 55 indicadores de calidad. Discusión: La principal limitación ha sido la ausencia de procesos de calidad establecidos, así como de instrumentos que faciliten la configuración de iniciativas y programas que valoren la implicación de las familias en las ludotecas. Conclusiones: En este trabajo se contempla la necesidad de facilitar esa implicación y   optimizar   así   las   actuaciones   encaminadas   a   su   correcta   integración   en   el   entorno contribuyendo decisivamente al desarrollo infantil y a la educación para la ciudadanía.</subfield>
</datafield>
<datafield tag="024" ind2=" " ind1="8">
<subfield code="a">http://hdl.handle.net/10259/10065</subfield>
</datafield>
<datafield tag="024" ind2=" " ind1="8">
<subfield code="a">10.31637/EPSIR-2024-472</subfield>
</datafield>
<datafield tag="024" ind2=" " ind1="8">
<subfield code="a">2529-9824</subfield>
</datafield>
<datafield ind1=" " ind2=" " tag="653">
<subfield code="a">Parental participation</subfield>
</datafield>
<datafield ind1=" " ind2=" " tag="653">
<subfield code="a">Playroom</subfield>
</datafield>
<datafield ind1=" " ind2=" " tag="653">
<subfield code="a">Game</subfield>
</datafield>
<datafield ind1=" " ind2=" " tag="653">
<subfield code="a">Evaluation</subfield>
</datafield>
<datafield ind1=" " ind2=" " tag="653">
<subfield code="a">Child development</subfield>
</datafield>
<datafield ind1=" " ind2=" " tag="653">
<subfield code="a">Delphi</subfield>
</datafield>
<datafield ind1=" " ind2=" " tag="653">
<subfield code="a">Quality management</subfield>
</datafield>
<datafield ind1=" " ind2=" " tag="653">
<subfield code="a">Indicators</subfield>
</datafield>
<datafield ind1=" " ind2=" " tag="653">
<subfield code="a">Participación de los padres</subfield>
</datafield>
<datafield ind1=" " ind2=" " tag="653">
<subfield code="a">Ludoteca</subfield>
</datafield>
<datafield ind1=" " ind2=" " tag="653">
<subfield code="a">Juego</subfield>
</datafield>
<datafield ind1=" " ind2=" " tag="653">
<subfield code="a">Evaluación</subfield>
</datafield>
<datafield ind1=" " ind2=" " tag="653">
<subfield code="a">Desarrollo infantil</subfield>
</datafield>
<datafield ind1=" " ind2=" " tag="653">
<subfield code="a">Gestión de calidad</subfield>
</datafield>
<datafield ind1=" " ind2=" " tag="653">
<subfield code="a">Indicadores</subfield>
</datafield>
<datafield tag="245" ind1="0" ind2="0">
<subfield code="a">The    quality    of    family    participation processes in play centers as an element of adaptation to dynamic environments</subfield>
</datafield>
</record></metadata></record></GetRecord></OAI-PMH>